| 000 | 00502nam a22001812 4500 | ||
|---|---|---|---|
| 001 | 0000005756 | ||
| 005 | 20170406120952.0 | ||
| 008 | 150421s xx 000 0 eng d | ||
| 020 | _c$ | ||
| 040 |
_aYour Holding Symbol _cYour Holding Symbol |
||
| 245 | 1 | 0 | _aPriests for the formation of saints for the new millennium. |
| 250 | _a ed. | ||
| 260 |
_aRoma : _bAurelia, _c2005. |
||
| 300 |
_a272 p. : _bill ; _c cm. |
||
| 504 | _aappendex. | ||
| 650 | 0 | _apriests. | |
| 908 | _a150421 | ||
| 999 |
_c5531 _d5531 |
||